| 000 | 00716nam a22002057a 4500 | ||
|---|---|---|---|
| 999 |
_c19244 _d19244 |
||
| 003 | AR-CdUCM | ||
| 008 | 190517b ||||| |||| 00| 0 spa d | ||
| 040 |
_aMUNICIPALIDAD PROVINCIAL DEL CUSCO _cBIBLIOTECA MUNICIPAL DEL CUSCO |
||
| 082 |
_a311.3947 / _bR96 |
||
| 110 |
_aDirección Central de Estadística _940470 |
||
| 245 |
_aCuarenta años de poder soviético en cifras : _bdatos estadísticos / |
||
| 260 |
_aMoscú : _bEdit. en Lenguas Extranjeras, _c1959. |
||
| 300 |
_a344 páginas ; _c23 cm. |
||
| 505 | _aContenido: Datos estadísticos de la URSS. | ||
| 650 |
_aRusia _9499 |
||
| 650 |
_aEstadísticas _94614 |
||
| 650 |
_aLenguas Extranjeras _940471 |
||
| 942 |
_2ddc _cLIBROS |
||
| 945 |
_adavv _d2019-05-17 |
||